Historias de las doctrinas filosoficas (Registro nro. 9614)

Detalles MARC
000 -LEADER
fixed length control field 01830nam a2200205Ia 4500
005 - FECHA Y HORA DE LA ÚLTIMA TRANSACCIÓN
control field 20231004162359.0
008 - FIXED-LENGTH DATA ELEMENTS--GENERAL INFORMATION
fixed length control field 231003s9999 xx 000 0 und d
020 ## - INTERNATIONAL STANDARD BOOK NUMBER
International Standard Book Number 9786073233828
040 ## - CATALOGING SOURCE
Original cataloging agency UPAN
Transcribing agency Biblioteca San Vicente
Description conventions RCAA2
041 ## - LANGUAGE CODE
Language code of text/sound track or separate title spa
082 ## - DEWEY DECIMAL CLASSIFICATION NUMBER
Classification number 149
Item number C512h
año de publicación 2015
100 ## - MAIN ENTRY--PERSONAL NAME
Personal name Calderon Chavez, Pedro
245 #0 - TITLE STATEMENT
Title Historias de las doctrinas filosoficas
250 ## - EDITION STATEMENT
Edition statement 5° ed.
260 ## - PUBLICATION, DISTRIBUTION, ETC. (IMPRINT)
Place of publication, distribution, etc Mexico
Name of publisher, distributor, etc Pearson
Date of publication, distribution, etc 2015
300 ## - PHYSICAL DESCRIPTION
Extent 362 p.;
Dimensions 26 cm.
505 ## - FORMATTED CONTENTS NOTE
Formatted contents note Unidad I: Introducción a la filosofía<br/>Capitulo 1. El pensamiento filosófico<br/>Unidad II: Origen e inicios de la filosofía en Grecia<br/>Capitulo 2. Los griegos<br/>Capitulo 3. El problema de la naturaleza en el periodo clásico<br/>Capitulo 4. El problema del ser humano en el pensamiento griego<br/>Unidad III:Filosofia medieval y el renacimiento<br/>Capitulo 5. El cristianismo<br/>Capitulo 6. La escolástica<br/>Capitulo 7. El renacimiento y las nuevas formas de conocimiento<br/>Unidad IV. Filosofía moderna<br/>Capitulo 8. Siglo XVII. El problema del conocimiento y el problema del Estado<br/>Capitulo 9. Siglo XVIII: La ilustración y el cuestionamiento de la metafísica<br/>Capitulo 10. El idealismo clásico alemán<br/>Unidad V. Positivismo y materialismo histórico<br/>Capitulo 11. El positivismo (la teoría del saber)<br/>Capitulo 12. El materialismo histórico<br/>Unidad VI: Filosofía contemporánea<br/>Capitulo 13. El vitalismo (el problema de la vida)<br/>Capitulo 14. Fenomenología y axiología (los problemas de la captación de las escenas y el valor)<br/>Capitulo 15. El existencialismo<br/>Capitulo 16. Filosofia analitica<br/>Unidad VII: Filosofía hoy<br/>Capitulo 17. Filosofía en la primera mitad del siglo XX <br/>Capitulo 18.El pensamiento actual<br/>Unidad VIII: Filosofía hoy<br/>Capitulo 19. La filosofía Latinoamericana<br/>
650 ## - SUBJECT ADDED ENTRY--TOPICAL TERM
Source of heading or term LEMB
General subdivision Filosofía
9 (RLIN) 1
942 ## - ADDED ENTRY ELEMENTS (KOHA)
Koha item type Libros
Source of classification or shelving scheme Dewey Decimal Classification
Existencias
Withdrawn status Lost status Source of classification or shelving scheme Damaged status Not for loan Collection code Home library Current library Date acquired Total Checkouts Full call number Barcode Date last seen Copy number Price effective from Koha item type
    Dewey Decimal Classification     Colección General Biblioteca UPAN San Vicente Biblioteca UPAN San Vicente 03/10/2023   149 C512h 12004222 03/10/2023 01 03/10/2023 Libros
    Dewey Decimal Classification     Colección General Biblioteca UPAN San Vicente Biblioteca UPAN San Vicente 04/10/2023   149 C512h 12004221 04/10/2023 02 04/10/2023 Libros
    Dewey Decimal Classification     Colección General Biblioteca UPAN San Vicente Biblioteca UPAN San Vicente 04/10/2023   149 C512h 12004220 04/10/2023 03 04/10/2023 Libros